Možnosti využitia simulačných metód v plánovaní výrobných organizácií PPOK

Bibliographic Details
Main Authors: Cvečko, Juraj (Author), Poljak, Jaroslav (Author)
Format: Article
Language:Slovak
PhysicalDescription:Obr. 1. Tb. 1.
Subjects:

MARC

LEADER 00000nab a2200000 a 4500
001 vtls000174020
003 SK-MaSNL
005 20260304210732.0
008 111104c1983 xo 0 slo
015 |a SNBRB19rr/mm-uuuuu 
035 |a CL0184132 
040 |a SNKBUCL  |b slo  |c SNKBUCL  |e AACR2 
041 0 |a slo 
044 |a xo  |c SK 
080 |a 631.153:519.688  |2 1981 
080 |a 519.688  |2 1981 
100 1 |a Cvečko, Juraj  |4 aut  |9 678150 
245 1 0 |a Možnosti využitia simulačných metód v plánovaní výrobných organizácií PPOK  |c Juraj Cvečko, Jaroslav Poljak 
300 |b Obr. 1. Tb. 1. 
650 0 7 |a poľnohospodárstvo  |2 snkbucl  |9 679 
650 0 7 |a plánovanie  |2 snkbucl  |9 15324 
650 0 7 |a výpočtová technika  |2 snkbucl  |9 1126 
650 0 7 |a simulačné metódy  |2 snkbucl  |9 70242 
655 7 |a články z novín a časopisov  |2 snkbucl  |9 267496 
700 1 |a Poljak, Jaroslav  |4 aut  |9 929422 
773 0 |t Racio  |g Č. 3 (1983), s. 5-11 
850 |a Slovenská národná knižnica v Martine  |a MTA001 
852 |a SNK  |b KIS3GCP 
958 |a RK 
992 |a RBX 
999 |c 3127321  |d 3129251